|
|
|
|
| LEADER |
03839nam a22004695i 4500 |
| 001 |
978-88-470-0813-7 |
| 003 |
DE-He213 |
| 005 |
20151204142859.0 |
| 007 |
cr nn 008mamaa |
| 008 |
100301s2008 it | s |||| 0|ita d |
| 020 |
|
|
|a 9788847008137
|9 978-88-470-0813-7
|
| 024 |
7 |
|
|a 10.1007/978-88-470-0813-7
|2 doi
|
| 040 |
|
|
|d GrThAP
|
| 050 |
|
4 |
|a L1-991
|
| 072 |
|
7 |
|a JN
|2 bicssc
|
| 072 |
|
7 |
|a EDU000000
|2 bisacsh
|
| 082 |
0 |
4 |
|a 370
|2 23
|
| 100 |
1 |
|
|a Munari, Daniele.
|e author.
|
| 245 |
1 |
0 |
|a Novepernove
|h [electronic resource] :
|b Sudoku: segreti e strategie di gioco /
|c by Daniele Munari.
|
| 264 |
|
1 |
|a Milano :
|b Springer Milan,
|c 2008.
|
| 300 |
|
|
|a XII, 138 pagg.
|b online resource.
|
| 336 |
|
|
|a text
|b txt
|2 rdacontent
|
| 337 |
|
|
|a computer
|b c
|2 rdamedia
|
| 338 |
|
|
|a online resource
|b cr
|2 rdacarrier
|
| 347 |
|
|
|a text file
|b PDF
|2 rda
|
| 490 |
1 |
|
|a I blu, Pagine di scienza
|
| 505 |
0 |
|
|a Introduzione -- Il gioco -- Convenzioni di base per notazione e primi termini di glossario -- Tecniche di soluzione di base -- Prime osservazioni sulla strategia di gioco -- I candidati -- Tecniche convenzionali di riduzione dei candidati -- Pausa di riflessione sulla strategia di gioco -- La situazione di stallo apparente -- Tecnic he avanzate -- Strategia conclusiva di gioco -- I livelli di difficoltà -- Ulteriori tecniche di gioco.
|
| 520 |
|
|
|a Il gioco del Sudoku è esploso nel mondo occidentale a partire dal 2005 e da allora ha continuato a espandersi, a raccogliere nuovi proseliti, a far proliferare riviste specializzate nelle edicole e siti dedicati su Internet. Il successo del Sudoku non accenna a rallentare. Tutti i grandi quotidiani offrono giornalmente alcuni schemi da risolvere; sono nate associazioni e federazioni; vengono organizzati tornei locali, vari campionati nazionali e persino un campionato mondiale a cadenza annuale; si moltiplicano le proposte di varianti del Sudoku classico; moltissimi docenti universitari hanno avviato tesi di laurea sull’argomento; sono stati scritti svariati prodotti software su PC, su hardware dedicato e sulle principali console di giochi interattivi. Accanto alla moltitudine crescente di dilettanti che con varia frequenza si cimentano nel gioco, di solito lavorando con carta e penna e in solitario, è nata una comunità mondiale di esperti che, attraverso forum dedicati su Internet, cercano di scovare tecniche di soluzione sempre più sofisticate, oppure si accaniscono ad individuare e sviscerare i segreti logico-matematici del gioco, o più semplicemente si propongono di strutturare, organizzare e diffondere la conoscenza in materia. Questo libro si rivolge al primo gruppo di persone, ai dilettanti che vogliono continuare a giocare con carta e penna e che eventualmente vogliono diventare un po’ più esperti, e si propone di dare risposta a due quesiti principali: 1) come riuscire a risolvere in modo divertente qualsiasi schema, per quanto difficile, proposto dalle riviste specializzate, a partire da un numero limitato ma sufficiente di tecniche di base e avanzate; 2) come orientarsi nel variegato mondo degli esperti, dei forum, dei siti dedicati, dei prodotti software, senza perdere tempo inutile e potendo rapidamente trovare risposta a qualsiasi eventuale dubbio.
|
| 650 |
|
0 |
|a Education.
|
| 650 |
|
0 |
|a Education
|x Data processing.
|
| 650 |
|
0 |
|a Popular works.
|
| 650 |
1 |
4 |
|a Education.
|
| 650 |
2 |
4 |
|a Education, general.
|
| 650 |
2 |
4 |
|a Popular Science, general.
|
| 650 |
2 |
4 |
|a Computers and Education.
|
| 710 |
2 |
|
|a SpringerLink (Online service)
|
| 773 |
0 |
|
|t Springer eBooks
|
| 776 |
0 |
8 |
|i Printed edition:
|z 9788847008120
|
| 830 |
|
0 |
|a I blu, Pagine di scienza
|
| 856 |
4 |
0 |
|u http://dx.doi.org/10.1007/978-88-470-0813-7
|z Full Text via HEAL-Link
|
| 912 |
|
|
|a ZDB-2-SHU
|
| 950 |
|
|
|a Humanities, Social Sciences and Law (Springer-11648)
|